Young Adult Book Titles Match-Up: 2010 - 2019 Quiz Stats

 Plays Quiz not verified by Sporcle

Support Sporcle.
Go Orange.
Score 0/40 Timer 06:00
3 Plays Today
% Correct
Miss Peregrine’s Home for
96%
The Fault in
95.6%
Ready
85.6%
The Hate
79.8%
I Am
74.8%
Between Shades
74.2%
Before I
71.7%
They Both Die
70.3%
Everything,
69.4%
Simon vs. the
64.3%
I'll Give
64.1%
The 5th
60.7%
Eleanor &
59.5%
A Court of
58.4%
All the
57.2%
An Ember
55.6%
The Unbecoming of
55.1%
City of
53.3%
Emmy &
52.7%
Red
52%
% Correct
Amy & Roger's
51.9%
Anna and the
51.6%
Clockwork
50.8%
Six of
49.3%
Queen of
48.9%
We Were
48%
The Death
47.3%
Shatter
46.1%
Something In
46.1%
Daughter of
45.9%
My Lady
43.6%
The Female
42.9%
The Winner's
40.2%
Love &
38.9%
Code Name
38.3%
The Raven
37.7%
The Wrath
35.6%
Extraordinary
31.2%
The Thousandth
29.6%
The Next
15%

You're not logged in!

Compare scores with friends on all Sporcle quizzes.
OR
Log In

From the Vault

The Beatles Albums

by Matt

The Beatles only released 13 studio albums, but every single one of them was a classic.
Remove Ads.
Support Sporcle.
Get the best of Sporcle when you Go Orange. This ad-free experience offers more features, more stats, and more fun while also helping to support Sporcle. Thank you for becoming a member.

Show Comments

Extras

Top Quizzes Today


Score Distribution

Your Account Isn't Verified!

In order to create a playlist on Sporcle, you need to verify the email address you used during registration. Go to your Sporcle Settings to finish the process.

Report this User

Report this user for behavior that violates our Community Guidelines.

Details: